[Event "M.Chigorin Memorial 2017 "]
[Site "?????-?????????"]
[Date "2017.10.21"]
[Round "1"]
[Board "75"]
[White "Ekdyshman, Mikhail"]
[Black "Runets, Ivan"]
[Result "1-0"]
[WhiteElo "2366"]
[BlackElo "1945"]
[PlyCount "71"]
[EventDate "2017.10.21"]
[EventRounds "9"]
[EventCountry "RUS"]

1. d4 Nf6 2. Nf3 e6 3. e3 b6 4. Bd3 Bb7 5. O-O Be7 6. c4 O-O 7. Nc3 d5 8. cxd5
exd5 9. Ne5 c5 10. f4 Nc6 11. Ne2 Ne4 12. b3 cxd4 13. Nxc6 Bxc6 14. Nxd4 Bd7
15. Bb2 Bf6 16. Qh5 Qe7 17. Rad1 Be6 18. Bxe4 dxe4 19. Nc6 Qc5 20. Qxc5 bxc5
21. Bxf6 gxf6 22. Rc1 f5 23. Rxc5 Kg7 24. Nd4 Kf6 25. Nc6 Rfc8 26. Rfc1 Rc7 27.
Nd4 Rxc5 28. Rxc5 Rb8 29. Kf2 Rb6 30. Ra5 Rb7 31. Ra6 Rc7 32. g4 Ke7 33. gxf5
Bc8 34. Rh6 Rc1 35. Rxh7 Ba6 36. f6+  1-0

[Event "M.Chigorin Memorial 2017 "]
[Site "?????-?????????"]
[Date "2017.10.21"]
[Round "1"]
[Board "76"]
[White "Vorobyova, Valeriya"]
[Black "Yatzenko, Anton"]
[Result "1-0"]
[WhiteElo "1945"]
[BlackElo "2365"]
[PlyCount "85"]
[EventDate "2017.10.21"]
[EventRounds "9"]
[EventCountry "RUS"]

1. e4 g6 2. d4 Bg7 3. Nf3 c6 4. Be2 d5 5. Nc3 Bg4 6. Be3 dxe4 7. Nxe4 Nh6 8. c3
O-O 9. O-O Nd7 10. h3 Bxf3 11. Bxf3 Nf5 12. Bf4 Qb6 13. Qc2 Bh6 14. Bh2 Nh4 15.
Be2 Kh8 16. Bc4 Qd8 17. Rad1 Nb6 18. Bb3 Qc8 19. Qe2 Nd5 20. c4 Nb6 21. g3 Nf5
22. g4 Nh4 23. Bg3 g5 24. f4 Ng6 25. fxg5 Bg7 26. h4 f5 27. gxf5 Rxf5 28. h5
Rxf1+ 29. Rxf1 Nf8 30. Nf2 Qe6 31. Qxe6 Nxe6 32. h6 Bxd4 33. Re1 Nxg5 34. Rxe7
Nh3+ 35. Kg2 Nxf2 36. Bxf2 Rg8+ 37. Bg3 Nc8 38. Rd7 Bf6 39. c5 Re8 40. Rxb7 Bg5
41. Bf7 Re2+ 42. Kf1 Re3 43. Bf2  1-0

[Event "M.Chigorin Memorial 2017 "]
[Site "?????-?????????"]
[Date "2017.10.21"]
[Round "1"]
[Board "77"]
[White "Bashirli, Nail"]
[Black "Rudikov, Dmitry"]
[Result "1-0"]
[WhiteElo "2363"]
[BlackElo "1943"]
[PlyCount "120"]
[EventDate "2017.10.21"]
[EventRounds "9"]
[EventCountry "RUS"]

1. e4 c5 2. Nf3 d6 3. Nc3 Nf6 4. d4 cxd4 5. Nxd4 a6 6. Bg5 Nbd7 7. Qe2 Qc7 8.
O-O-O g6 9. f4 Bg7 10. Nd5 Nxd5 11. exd5 Nf6 12. Bxf6 Bxf6 13. g4 Qb6 14. c3
Qa5 15. Kb1 h5 16. g5 Bg4 17. Qe1 Bxd4 18. Rxd4 Bf3 19. b4 Qa3 20. Rg1 a5 21.
Bb5+ Kf8 22. Qd2 axb4 23. Rxb4 Kg7 24. Re1 Rhc8 25. c4 Bg4 26. Re3 Bf5+ 27. Ka1
Qa7 28. Rxe7 Qc5 29. Kb2 Ra7 30. a4 Raa8 31. Rb3 Qg1 32. Re1 Qb6 33. Ree3 Qc5
34. Re7 Qg1 35. Re1 Qb6 36. Qe3 Qc7 37. Qd4+ Kg8 38. Rbe3 Qa5 39. Qc3 Qb6 40.
Kc1 Rf8 41. Kd2 Qc5 42. h3 Rad8 43. R1e2 Qc8 44. Ke1 Bd7 45. Kf2 Bxb5 46. cxb5
Qf5 47. Qd4 Rc8 48. Qe4 Qd7 49. Kg2 Rc1 50. Rf2 Rfc8 51. f5 gxf5 52. Rxf5 R1c4
53. Qf3 Rc2+ 54. Kg3 Rc1 55. Kh4 R8c4+ 56. Kxh5 Kg7 57. Rf4 Rc8 58. Rf6 Rg1 59.
Rh6 Rxg5+ 60. Kxg5 Rg8  1-0

[Event "M.Chigorin Memorial 2017 "]
[Site "?????-?????????"]
[Date "2017.10.21"]
[Round "1"]
[Board "78"]
[White "Andrijashkin, Deniss"]
[Black "Karpenko, Artem"]
[Result "0-1"]
[WhiteElo "1929"]
[BlackElo "2362"]
[PlyCount "50"]
[EventDate "2017.10.21"]
[EventRounds "9"]
[EventCountry "RUS"]

1. e4 c6 2. d4 d5 3. Nc3 dxe4 4. Nxe4 Nf6 5. Nxf6+ gxf6 6. Bc4 Bf5 7. Ne2 e6 8.
Ng3 Bg6 9. O-O Nd7 10. Re1 Qc7 11. c3 O-O-O 12. Qf3 Bd6 13. Bb3 h5 14. h3 h4
15. Ne4 Bh2+ 16. Kh1 Bh5 17. Qe3 Rdg8 18. c4 f5 19. Nc3 Rg6 20. f3 Rhg8 21. Re2
Rg3 22. Qf4 Rxh3 23. Qxc7+ Bxc7+ 24. gxh3 Bxf3+ 25. Rg2 Rxg2  0-1

[Event "M.Chigorin Memorial 2017 "]
[Site "?????-?????????"]
[Date "2017.10.21"]
[Round "1"]
[Board "79"]
[White "Tsoi, Dmitry"]
[Black "Nikitin, Vladimir"]
[Result "1-0"]
[WhiteElo "2361"]
[BlackElo "1925"]
[PlyCount "49"]
[EventDate "2017.10.21"]
[EventRounds "9"]
[EventCountry "RUS"]

1. e4 g6 2. d4 Bg7 3. Nc3 d6 4. f4 c6 5. Nf3 Qb6 6. Bc4 Nf6 7. e5 dxe5 8. fxe5
Ng4 9. a4 a5 10. h3 Nh6 11. g4 O-O 12. b3 Na6 13. Bg5 Be6 14. Qd2 Bxc4 15. bxc4
Qb4 16. O-O f6 17. Rab1 Qxc4 18. exf6 Rxf6 19. Bxf6 exf6 20. Rxb7 f5 21. Ne5
Qe6 22. Re1 Qc8 23. Re7 Bf8 24. Nd7 fxg4 25. Nf6+  1-0

[Event "M.Chigorin Memorial 2017 "]
[Site "?????-?????????"]
[Date "2017.10.21"]
[Round "1"]
[Board "80"]
[White "Nuritdinov, Nizomitdin"]
[Black "Shubin, Kirill"]
[Result "0-1"]
[WhiteElo "1924"]
[BlackElo "2359"]
[PlyCount "52"]
[EventDate "2017.10.21"]
[EventRounds "9"]
[EventCountry "RUS"]

1. d4 e6 2. Nf3 Nf6 3. Bg5 c5 4. e3 b6 5. Nbd2 Bb7 6. Bd3 Be7 7. O-O O-O 8. c3
cxd4 9. cxd4 Nc6 10. Rc1 Nb4 11. Bc4 d5 12. a3 dxc4 13. axb4 Bxb4 14. Nxc4 Qd5
15. Qa4 Be7 16. Nce5 h6 17. Bxf6 gxf6 18. Qd7 Qxd7 19. Nxd7 Rfc8 20. d5 Bxd5
21. Nd4 Kg7 22. f3 Rd8 23. e4 Rxd7 24. exd5 Bc5 25. Rfd1 Rxd5 26. Rxc5 bxc5  0-1

[Event "M.Chigorin Memorial 2017 "]
[Site "?????-?????????"]
[Date "2017.10.21"]
[Round "1"]
[Board "81"]
[White "Suleymanli, Aydin"]
[Black "Nikitin, Sergey E."]
[Result "1-0"]
[WhiteElo "2353"]
[BlackElo "1923"]
[PlyCount "129"]
[EventDate "2017.10.21"]
[EventRounds "9"]
[EventCountry "RUS"]

1. d4 d5 2. c4 c6 3. e3 Nf6 4. Nc3 e6 5. Nf3 Nbd7 6. Bd3 dxc4 7. Bxc4 b5 8. Bd3
Bb7 9. O-O Bd6 10. Qe2 O-O 11. Rd1 Qe7 12. e4 e5 13. dxe5 Nxe5 14. Nxe5 Bxe5
15. g3 Rfe8 16. f3 a6 17. Be3 c5 18. Rac1 c4 19. Bb1 Rad8 20. Qf2 Rxd1+ 21.
Rxd1 Rd8 22. Bd4 b4 23. Bxe5 Rxd1+ 24. Nxd1 Qxe5 25. Qb6 Qb5 26. Qd8+ Ne8 27.
Ne3 Kf8 28. Qd4 c3 29. bxc3 bxc3 30. Bc2 Qe2 31. Bd1 Qe1+ 32. Kg2 a5 33. Nc2
Qd2+ 34. Qxd2 cxd2 35. Kf2 Nd6 36. Na3 f6 37. Ke3 Ke7 38. Kxd2 h5 39. Ke3 g5
40. Bc2 Ke6 41. Kd4 Ke7 42. Bd3 a4 43. Bc2 Bc6 44. Bd3 Bb7 45. Nb1 Bc6 46. Nc3
Ke6 47. Kc5 Bd7 48. Ba6 f5 49. Kd4 g4 50. e5 Ne8 51. f4 h4 52. Bc4+ Ke7 53.
Nd5+ Kf8 54. Nf6 Bc6 55. Nxe8 Bxe8 56. e6 hxg3 57. hxg3 Ke7 58. Ke5 a3 59. Kxf5
Ba4 60. Ke5 Bc6 61. f5 Ba4 62. f6+ Ke8 63. Kd6 Kf8 64. e7+ Ke8 65. f7#  1-0

[Event "M.Chigorin Memorial 2017 "]
[Site "?????-?????????"]
[Date "2017.10.21"]
[Round "1"]
[Board "82"]
[White "Yakimenko, Viktoria"]
[Black "Naboka, Sergey"]
[Result "0-1"]
[WhiteElo "1922"]
[BlackElo "2351"]
[PlyCount "134"]
[EventDate "2017.10.21"]
[EventRounds "9"]
[EventCountry "RUS"]

1. e4 e6 2. d4 d5 3. Nd2 Be7 4. Bd3 Nf6 5. e5 Nfd7 6. f4 c5 7. c3 Nc6 8. Ne2 f6
9. Nf3 Qb6 10. a3 a5 11. b3 O-O 12. Qc2 h6 13. exf6 Nxf6 14. O-O Bd7 15. Kh1
Rac8 16. Be3 Be8 17. Qa2 Bh5 18. Rae1 Kh8 19. Bg1 Bxf3 20. Rxf3 Qc7 21. Ng3
cxd4 22. cxd4 Bd6 23. Rxe6 Bxf4 24. Nf5 Rce8 25. Rxe8 Rxe8 26. g3 Bg5 27. h4
Bc1 28. Qc2 Bxa3 29. Nxh6 Bd6 30. Qf2 Nb4 31. Bg6 Rf8 32. Ng4 Qe7 33. Ne5 Nc6
34. Rf5 Nxe5 35. dxe5 Bxe5 36. Qf3 Kg8 37. g4 Qe6 38. g5 Nd7 39. Qh5 Rxf5 40.
Qh7+ Kf8 41. Bxf5 Qc6 42. Bd3 Ke7 43. Qf5 Qe6 44. Qf3 Bd6 45. Bf5 Qe5 46. Bg6
Qf4 47. Qxd5 Qxh4+ 48. Kg2 Qg4+ 49. Kf1 Qh3+ 50. Ke2 Qe6+ 51. Qe4 Bf4 52. Bd4
Be5 53. Bf5 Qxb3 54. Bxd7 Qc4+ 55. Qd3 Qxd4 56. Qxd4 Bxd4 57. Bf5 Kd6 58. Kd3
Kc5 59. g6 b5 60. Bd7 Bf6 61. Kc2 a4 62. Kb1 Kb4 63. Ka2 Ka5 64. Be6 b4 65. Bf7
b3+ 66. Ka3 Be7+ 67. Kb2 Kb4  0-1

[Event "M.Chigorin Memorial 2017 "]
[Site "?????-?????????"]
[Date "2017.10.21"]
[Round "1"]
[Board "84"]
[White "Eynullayev, Atilla"]
[Black "Fenil, Shah"]
[Result "1/2-1/2"]
[WhiteElo "1919"]
[BlackElo "2350"]
[PlyCount "46"]
[EventDate "2017.10.21"]
[EventRounds "9"]
[EventCountry "RUS"]

1. e4 e5 2. Nf3 Nc6 3. Bb5 a6 4. Ba4 Nf6 5. O-O b5 6. Bb3 Bc5 7. c3 d6 8. d4
Bb6 9. a4 Rb8 10. Na3 O-O 11. axb5 axb5 12. Nxb5 Bg4 13. Be3 Re8 14. Qd3 d5 15.
Nxe5 Rxe5 16. dxe5 Nxe5 17. Qd2 Bxe3 18. Qxe3 Rxb5 19. exd5 Rxb3 20. Qxe5 Rxb2
21. Ra7 Re2 22. Qd4 h5 23. c4 Bf5  1/2-1/2

[Event "M.Chigorin Memorial 2017 "]
[Site "?????-?????????"]
[Date "2017.10.21"]
[Round "1"]
[Board "85"]
[White "Nesterov, Arseniy"]
[Black "Schetchikov, Vladimir"]
[Result "1-0"]
[WhiteElo "2350"]
[BlackElo "1916"]
[PlyCount "120"]
[EventDate "2017.10.21"]
[EventRounds "9"]
[EventCountry "RUS"]

1. d4 Nf6 2. c4 e6 3. Nc3 Bb4 4. e3 O-O 5. Bd3 d5 6. Nf3 c5 7. O-O dxc4 8. Bxc4
b6 9. Qe2 Bb7 10. Rd1 Bxc3 11. bxc3 Qc7 12. Ba3 Nbd7 13. Nd2 Ne4 14. Nxe4 Bxe4
15. f3 Bb7 16. e4 Rfe8 17. Rac1 a6 18. Bb3 Rac8 19. Qf2 Rcd8 20. Bb2 c4 21. Bc2
b5 22. a4 Nb6 23. axb5 axb5 24. Ba3 Ra8 25. Bb4 Ra2 26. d5 e5 27. Rd2 Nd7 28.
Rcd1 Qb6 29. Qxb6 Nxb6 30. Bb1 Rxd2 31. Rxd2 Ra8 32. Ra2 Rxa2 33. Bxa2 f6 34.
Kf2 Kf7 35. Ke3 g5 36. g3 Bc8 37. Bb1 Nd7 38. Bd6 Nf8 39. f4 Ng6 40. fxg5 fxg5
41. Kd2 Ke8 42. Kc1 Kd7 43. Bb8 Kd8 44. Kb2 Bd7 45. Ka3 Kc8 46. Bd6 Kb7 47. Kb4
Kb6 48. Bc5+ Kb7 49. Be3 g4 50. Kc5 Kc7 51. Bh6 Be8 52. Bc2 Bd7 53. Bd1 Kd8 54.
Kd6 Bc8 55. Bg7 Nf4 56. gxf4 exf4 57. e5 Bf5 58. e6 f3 59. Bd4 h5 60. Ke5 h4
 1-0

[Event "M.Chigorin Memorial 2017 "]
[Site "?????-?????????"]
[Date "2017.10.21"]
[Round "1"]
[Board "86"]
[White "Kairbekova, Amina"]
[Black "Ponfilenok, Vladimir"]
[Result "1/2-1/2"]
[WhiteElo "1916"]
[BlackElo "2350"]
[PlyCount "109"]
[EventDate "2017.10.21"]
[EventRounds "9"]
[EventCountry "RUS"]

1. e4 e6 2. d4 d5 3. e5 c5 4. c3 Nc6 5. Nf3 Qb6 6. a3 c4 7. Nbd2 Bd7 8. b3 cxb3
9. Nxb3 Na5 10. Nxa5 Qxa5 11. Bb2 Ba4 12. Qd2 b5 13. Bd3 Be7 14. O-O Nh6 15.
Qf4 O-O 16. Ng5 Bxg5 17. Qxg5 Qd8 18. Qh5 f5 19. exf6 Qxf6 20. Bc1 Nf5 21. Qe2
Rac8 22. Bd2 a6 23. Rae1 Rce8 24. Qe5 Bb3 25. Qxf6 Rxf6 26. Re5 Bc4 27. Bxc4
bxc4 28. Rb1 Nd6 29. f3 h6 30. Ree1 Nf7 31. Rb7 Kf8 32. Ra7 e5 33. dxe5 Nxe5
34. f4 Nd3 35. Rxe8+ Kxe8 36. Rxg7 Rb6 37. Kf1 d4 38. cxd4 Rb2 39. Ke2 Nxf4+
40. Ke3 Nd5+ 41. Ke4 Nf6+ 42. Ke3 Nd5+ 43. Ke4 Nf6+ 44. Ke3 h5 45. h3 Nd5+ 46.
Ke4 Nf6+ 47. Kf5 Rxd2 48. Kxf6 Rxd4 49. Ke5 Rd2 50. Rc7 Rxg2 51. Rxc4 Rg3 52.
Ra4 Rxh3 53. Rxa6 Kd7 54. Kf5 Rg3 55. Rh6  1/2-1/2

[Event "M.Chigorin Memorial 2017 "]
[Site "?????-?????????"]
[Date "2017.10.21"]
[Round "1"]
[Board "87"]
[White "Schekachikhin, Maksim"]
[Black "Kuizhev, Adam"]
[Result "1-0"]
[WhiteElo "2348"]
[BlackElo "1911"]
[PlyCount "91"]
[EventDate "2017.10.21"]
[EventRounds "9"]
[EventCountry "RUS"]

1. d4 Nf6 2. c4 g6 3. Nc3 Bg7 4. e4 d6 5. Be2 O-O 6. Nf3 e5 7. O-O Nc6 8. d5
Ne7 9. b4 a5 10. Ba3 b6 11. bxa5 Nh5 12. g3 Bg4 13. Nb5 Rxa5 14. Bb4 Ra8 15. a4
Nf6 16. Nd2 Bh3 17. Re1 Nd7 18. a5 f5 19. axb6 Nxb6 20. Rxa8 Nxa8 21. c5 Nc8
22. Qa4 dxc5 23. Bxc5 Nd6 24. exf5 Bxf5 25. Qb4 Rf6 26. Nxd6 cxd6 27. Be3 Rf7
28. Rc1 Nc7 29. Qa5 Qa8 30. Qxa8+ Nxa8 31. g4 Bd7 32. Ne4 Bf8 33. Rb1 Nc7 34.
Rb7 Ne8 35. h3 Kg7 36. Ng5 Re7 37. Bb5 Bxb5 38. Rxb5 Nc7 39. Ra5 Kg8 40. Ne4
Rf7 41. Kf1 Kg7 42. Ng5 Re7 43. Bb6 Kg8 44. Bxc7 Rxc7 45. Ra8 h6 46. Rxf8+  1-0

[Event "M.Chigorin Memorial 2017 "]
[Site "?????-?????????"]
[Date "2017.10.21"]
[Round "1"]
[Board "89"]
[White "Bykov, Egor"]
[Black "Pavlov, Mark"]
[Result "1-0"]
[WhiteElo "2346"]
[BlackElo "1909"]
[PlyCount "35"]
[EventDate "2017.10.21"]
[EventRounds "9"]
[EventCountry "RUS"]

1. d4 d6 2. Nf3 g6 3. c4 Bg7 4. Nc3 Nd7 5. e4 e5 6. Be2 Ne7 7. O-O O-O 8. Be3
f5 9. dxe5 dxe5 10. Ng5 Nf6 11. Qb3 c5 12. Bxc5 h6 13. Qa3 Re8 14. Rfd1 Qc7 15.
Nb5 Qc6 16. Rd6 hxg5 17. Rxc6 bxc6 18. Nc7  1-0

[Event "M.Chigorin Memorial 2017 "]
[Site "?????-?????????"]
[Date "2017.10.21"]
[Round "1"]
[Board "90"]
[White "Razumovskiy, Mikhail"]
[Black "Ahmadzada, Ahmad"]
[Result "1-0"]
[WhiteElo "1908"]
[BlackElo "2345"]
[PlyCount "93"]
[EventDate "2017.10.21"]
[EventRounds "9"]
[EventCountry "RUS"]

1. d4 Nf6 2. c4 c5 3. d5 e6 4. Nc3 exd5 5. cxd5 d6 6. Nf3 g6 7. g3 Bg7 8. Bg2
O-O 9. O-O Re8 10. Bf4 a6 11. a4 Nh5 12. Bg5 Qc7 13. Rc1 Nd7 14. b4 b6 15. Re1
h6 16. Bd2 g5 17. g4 Nhf6 18. h3 Nf8 19. a5 b5 20. Be3 Rxe3 21. fxe3 Qe7 22.
Qd3 cxb4 23. Na2 h5 24. gxh5 g4 25. hxg4 Nxg4 26. e4 Nd7 27. Nxb4 Nc5 28. Nc6
Qe8 29. Rxc5 dxc5 30. e5 c4 31. Qd4 Bd7 32. d6 Bxc6 33. Qxg4 Qe6 34. Qg3 Bxf3
35. exf3 Kh8 36. f4 Rg8 37. Qf3 c3 38. Qxc3 Qg4 39. Qd2 Bh6 40. Re4 Qf3 41. Rd4
Bxf4 42. Rxf4 Rxg2+ 43. Qxg2 Qxf4 44. h6 Qc1+ 45. Kh2 Qf4+ 46. Qg3 Qd2+ 47. Kh3
 1-0

[Event "M.Chigorin Memorial 2017 "]
[Site "?????-?????????"]
[Date "2017.10.21"]
[Round "1"]
[Board "91"]
[White "Chen, Qi B"]
[Black "Shojhet, Sofiy"]
[Result "1-0"]
[WhiteElo "2345"]
[BlackElo "1905"]
[PlyCount "57"]
[EventDate "2017.10.21"]
[EventRounds "9"]
[EventCountry "RUS"]

1. e4 c6 2. d4 d5 3. e5 Bf5 4. h4 h5 5. Bd3 Bxd3 6. Qxd3 e6 7. Bg5 Be7 8. Nf3
Nd7 9. Nc3 Nh6 10. Ne2 Nf5 11. Ng3 Nxg3 12. fxg3 Nb6 13. O-O Nc8 14. Rf2 Qb6
15. c3 c5 16. Raf1 c4 17. Qc2 Qc6 18. a3 Qb5 19. Nh2 O-O 20. Qe2 Bxg5 21. hxg5
g6 22. g4 hxg4 23. Nxg4 Ne7 24. Nh6+ Kh8 25. Rxf7 Rxf7 26. Rxf7 Nf5 27. Nxf5
exf5 28. e6 Re8 29. Qe5+  1-0

[Event "M.Chigorin Memorial 2017 "]
[Site "?????-?????????"]
[Date "2017.10.21"]
[Round "1"]
[Board "92"]
[White "Alekseev, Mikhail"]
[Black "Chashchev, Sergey"]
[Result "0-1"]
[WhiteElo "1903"]
[BlackElo "2342"]
[PlyCount "46"]
[EventDate "2017.10.21"]
[EventRounds "9"]
[EventCountry "RUS"]

1. d4 d5 2. c4 e6 3. Nc3 c5 4. cxd5 cxd4 5. Qxd4 Nc6 6. Qd1 exd5 7. Qxd5 Bd7 8.
Nf3 Nf6 9. Qd1 Bc5 10. e3 Qe7 11. Bd3 g5 12. O-O g4 13. Nd4 O-O-O 14. Nxc6 Bxc6
15. Qe2 Bd6 16. e4 h5 17. Be3 Kb8 18. f4 gxf3 19. gxf3 h4 20. Nb5 Rdg8+ 21. Kh1
Nh5 22. Qc2 Ng3+ 23. Kg2 Nxe4+  0-1

[Event "M.Chigorin Memorial 2017 "]
[Site "?????-?????????"]
[Date "2017.10.21"]
[Round "1"]
[Board "93"]
[White "Aliyev, Ravan"]
[Black "Kamalidenova, Meruert"]
[Result "1/2-1/2"]
[WhiteElo "2341"]
[BlackElo "1897"]
[PlyCount "149"]
[EventDate "2017.10.21"]
[EventRounds "9"]
[EventCountry "RUS"]

1. d4 Nf6 2. c4 g6 3. Nc3 Bg7 4. Nf3 O-O 5. Bf4 d6 6. e3 Bf5 7. Bd3 Bxd3 8.
Qxd3 Nc6 9. O-O Re8 10. Qc2 h6 11. h3 e5 12. Bh2 exd4 13. exd4 Qd7 14. Rad1
Rad8 15. a3 Qc8 16. b4 a6 17. d5 Ne7 18. Nd4 Nd7 19. Ne4 Ne5 20. f4 Nd7 21. g4
Nf6 22. Nxf6+ Bxf6 23. f5 g5 24. Nf3 Kg7 25. h4 Rg8 26. hxg5 hxg5 27. Nd2 Rh8
28. Ne4 Ng8 29. Bg3 Re8 30. Kg2 Qd8 31. c5 Be5 32. Qd2 f6 33. Rfe1 Nh6 34. Nf2
Nf7 35. c6 bxc6 36. dxc6 Bxg3 37. Kxg3 Ne5 38. Qd5 Qa8 39. Nd3 Nxd3 40. Qxd3
Qxc6 41. Rc1 Qb7 42. Qc3 c5 43. Rxe8 Rxe8 44. bxc5 dxc5 45. Qxc5 Qe4 46. Rf1
Qe2 47. Rf3 Re7 48. Qc3 Qd1 49. Qc5 Qe1+ 50. Qf2 Qe4 51. Qc5 Kf7 52. Qc3 Kg7
53. Qc5 Qe1+ 54. Qf2 Qc1 55. Kg2 Qc4 56. Kh3 Kg8 57. Qb6 Qe4 58. Kg3 Qe1+ 59.
Qf2 Qe5+ 60. Kg2 Qe4 61. Kg3 Qe5+ 62. Kg2 Rh7 63. Qg3 Qb2+ 64. Rf2 Qb1 65. Rf1
Qb7+ 66. Qf3 Qc7 67. Qg3 Qc6+ 68. Qf3 Qc7 69. Qb3+ Kh8 70. Qg3 Qc6+ 71. Qf3 Qc7
72. Rh1 Qc2+ 73. Kg3 Qc7+ 74. Kg2 Qc2+ 75. Kg3  1/2-1/2

[Event "M.Chigorin Memorial 2017 "]
[Site "?????-?????????"]
[Date "2017.10.21"]
[Round "1"]
[Board "94"]
[White "Rubtsov, Aleksandr"]
[Black "Biriukov, Oleg V."]
[Result "0-1"]
[WhiteElo "1895"]
[BlackElo "2336"]
[PlyCount "58"]
[EventDate "2017.10.21"]
[EventRounds "9"]
[EventCountry "RUS"]

1. e4 c5 2. Nf3 d6 3. d4 cxd4 4. Nxd4 Nf6 5. Nc3 a6 6. Be3 e6 7. f3 b5 8. Qd2
Nbd7 9. g4 h6 10. O-O-O Bb7 11. h4 b4 12. Nce2 d5 13. exd5 Nxd5 14. Bg2 Nxe3
15. Qxe3 Qb6 16. Rhe1 Bc5 17. Ng3 e5 18. Qd3 O-O-O 19. Ndf5 Nf6 20. Qc4 Kb8 21.
Rxd8+ Rxd8 22. g5 hxg5 23. hxg5 g6 24. gxf6 gxf5 25. Nxf5 Bf2 26. Rxe5 Qxf6 27.
Re7 Qg5+ 28. f4 Qxe7 29. Nxe7 Be3+  0-1

[Event "M.Chigorin Memorial 2017 "]
[Site "?????-?????????"]
[Date "2017.10.21"]
[Round "1"]
[Board "95"]
[White "Payen, Arnaud"]
[Black "Ashid, Tsetsegulzii"]
[Result "1/2-1/2"]
[WhiteElo "2335"]
[BlackElo "1892"]
[PlyCount "124"]
[EventDate "2017.10.21"]
[EventRounds "9"]
[EventCountry "RUS"]

1. d4 e6 2. Nf3 d5 3. c4 c6 4. Qc2 Nf6 5. g3 dxc4 6. Qxc4 b5 7. Qc2 Bb7 8. Bg2
Nbd7 9. Ne5 Qc8 10. O-O c5 11. Nxd7 Nxd7 12. d5 Bxd5 13. Bxd5 exd5 14. Nc3 Qc6
15. Rd1 d4 16. Nxb5 Ne5 17. Bf4 f6 18. Bxe5 fxe5 19. a4 a6 20. Qf5 axb5 21.
axb5 Qd5 22. Rxa8+ Qxa8 23. Qh5+ Kd7 24. Qxe5 Be7 25. Qxg7 Rb8 26. Qxh7 Qa4 27.
Qf5+ Ke8 28. Qh5+ Kd7 29. Qd5+ Bd6 30. Rd3 Qxb5 31. Rf3 Re8 32. Rf6 Qb8 33.
Qf5+ Kc7 34. Qd5 Kd7 35. Qc4 Qa8 36. h4 Re7 37. b4 cxb4 38. Qxd4 Qb8 39. Qg4+
Kc7 40. Qc4+ Kd7 41. Rf3 Qb6 42. Rd3 Rg7 43. e3 Re7 44. Qg4+ Kc7 45. Rd4 b3 46.
Rc4+ Bc5 47. Qd4 Kc6 48. Qb2 Rb7 49. h5 Kd7 50. h6 Bxe3 51. h7 Bxf2+ 52. Qxf2
Qxf2+ 53. Kxf2 Rb8 54. Rb4 Rh8 55. Rxb3 Ke6 56. Rb7 Kf6 57. Kf3 Kg6 58. Kg4 Kh6
59. Kh4 Kg6 60. g4 Kh6 61. Kg3 Rxh7 62. g5+ Kg6  1/2-1/2

[Event "M.Chigorin Memorial 2017 "]
[Site "?????-?????????"]
[Date "2017.10.21"]
[Round "1"]
[Board "96"]
[White "Kovalenko, Kleopatra"]
[Black "Bykov, Oleg"]
[Result "0-1"]
[WhiteElo "1879"]
[BlackElo "2333"]
[PlyCount "78"]
[EventDate "2017.10.21"]
[EventRounds "9"]
[EventCountry "RUS"]

1. e4 d6 2. d4 g6 3. Nc3 Bg7 4. Be3 a6 5. Qd2 b5 6. f3 Bb7 7. g4 h5 8. gxh5
Rxh5 9. Nce2 Nd7 10. Ng3 Rh8 11. O-O-O c5 12. dxc5 Nxc5 13. Bd4 Nf6 14. Kb1 Rc8
15. h4 Ne6 16. Bc3 Rxc3 17. Qxc3 Nxe4 18. Qe1 Nxg3 19. Qxg3 Qa5 20. Qe1 Qxe1
21. Rxe1 Bf6 22. Bd3 Nf4 23. Be4 d5 24. Bd3 Rxh4 25. Ne2 Ng2 26. Reg1 e5 27.
Ng3 Nf4 28. Rxh4 Bxh4 29. Ne2 Ne6 30. a4 e4 31. Bxe4 dxe4 32. fxe4 Bxe4 33. Rg4
Bf3 34. Rxh4 Bxe2 35. axb5 axb5 36. Re4 Bf3 37. Re5 Bc6 38. Kc1 g5 39. Kd2 g4
 0-1

[Event "M.Chigorin Memorial 2017 "]
[Site "?????-?????????"]
[Date "2017.10.21"]
[Round "1"]
[Board "97"]
[White "Askerov, Marat"]
[Black "Zyrjanow, Leonid"]
[Result "1-0"]
[WhiteElo "2332"]
[BlackElo "1873"]
[PlyCount "77"]
[EventDate "2017.10.21"]
[EventRounds "9"]
[EventCountry "RUS"]

1. d4 d5 2. c4 c6 3. Nf3 Nf6 4. Nc3 e6 5. Bg5 Bb4 6. Rc1 h6 7. Bxf6 gxf6 8. e3
Qa5 9. a3 Bxc3+ 10. Rxc3 Nd7 11. b4 Qd8 12. Bd3 h5 13. O-O a6 14. cxd5 cxd5 15.
Qc2 Nb6 16. a4 Bd7 17. a5 Nc8 18. Nd2 f5 19. f3 Qg5 20. Kh1 Rg8 21. Nb3 Ne7 22.
e4 dxe4 23. fxe4 Bc6 24. Rf2 h4 25. exf5 exf5 26. Bc4 Be4 27. Qe2 Rd8 28. Bxf7+
Kxf7 29. Qxe4 Rc8 30. Rcf3 Kg6 31. Qxb7 Rc6 32. Rxf5 Rc1+ 33. Nxc1 Nxf5 34. Nd3
Re8 35. Ne5+ Rxe5 36. Qc6+ Kg7 37. dxe5 Ng3+ 38. hxg3 hxg3 39. Qf6+  1-0

[Event "M.Chigorin Memorial 2017 "]
[Site "?????-?????????"]
[Date "2017.10.21"]
[Round "1"]
[Board "98"]
[White "Anant, Prabhudesai"]
[Black "Vaishali, R"]
[Result "0-1"]
[WhiteElo "1869"]
[BlackElo "2330"]
[PlyCount "90"]
[EventDate "2017.10.21"]
[EventRounds "9"]
[EventCountry "RUS"]

1. Nf3 d5 2. g3 g6 3. Bg2 Bg7 4. d4 Nf6 5. c4 c6 6. cxd5 cxd5 7. O-O O-O 8. Nc3
Nc6 9. Ne5 Bf5 10. Qa4 Qb6 11. Nxc6 bxc6 12. Rd1 Rfe8 13. h3 e5 14. dxe5 Rxe5
15. Bf4 Re7 16. Qa3 Rae8 17. Bd6 Rb7 18. Rd2 Ne4 19. Bxe4 Bxe4 20. Bc5 Qc7 21.
Nxe4 Rxe4 22. Rad1 h5 23. Bd4 Bxd4 24. Rxd4 Rxe2 25. R1d2 Qe5 26. Qc3 Rxd2 27.
Qxd2 Re7 28. Kg2 Kh7 29. Qc3 Qd6 30. Rf4 c5 31. Rf6 Qc7 32. b4 c4 33. g4 hxg4
34. hxg4 Re4 35. Qh3+ Kg8 36. Qh6 Rxg4+ 37. Kf3 Qe5 38. Kxg4 Qxf6 39. Qc1 Qxf2
40. Qd1 d4 41. Qh1 d3 42. Qc6 d2 43. Qe8+ Kh7 44. Qd8 Qe2+ 45. Kg3 Qd3+  0-1

[Event "M.Chigorin Memorial 2017 "]
[Site "?????-?????????"]
[Date "2017.10.21"]
[Round "1"]
[Board "99"]
[White "Khlebovich, Alexander"]
[Black "Lystsov, Leonid"]
[Result "1-0"]
[WhiteElo "2326"]
[BlackElo "1866"]
[PlyCount "89"]
[EventDate "2017.10.21"]
[EventRounds "9"]
[EventCountry "RUS"]

1. d4 g6 2. Nf3 Bg7 3. c4 d6 4. g3 Nf6 5. Bg2 O-O 6. Nc3 c6 7. O-O Nbd7 8. e4
e5 9. h3 Qc7 10. Be3 Re8 11. Qc2 a5 12. Rfe1 exd4 13. Nxd4 Nc5 14. Rad1 Nfd7
15. f4 Nb6 16. Ndb5 cxb5 17. Nxb5 Qe7 18. Nxd6 Nbd7 19. Nxe8 Qxe8 20. e5 Bf8
21. g4 Rb8 22. Qd2 b6 23. Bc6 Rb7 24. Kh2 Rc7 25. Bb5 Qe7 26. Qd6 Qxd6 27. exd6
Rb7 28. Bf2 Nf6 29. Bxc5 bxc5 30. g5 Nh5 31. d7 Bxd7 32. Rxd7 Rxd7 33. Bxd7
Nxf4 34. Re8 Nd3 35. Rb8 Ne5 36. Bb5 Nf3+ 37. Kg2 Nxg5 38. Ra8 Ne6 39. Bd7 Nf4+
40. Kf1 f5 41. Rxa5 Nd3 42. Rb5 Bg7 43. a4 Bd4 44. a5 Nb4 45. Rb6  1-0

[Event "M.Chigorin Memorial 2017 "]
[Site "?????-?????????"]
[Date "2017.10.21"]
[Round "1"]
[Board "100"]
[White "Bulsoev, Alexander"]
[Black "Soumya, Swaminathan"]
[Result "1/2-1/2"]
[WhiteElo "1853"]
[BlackElo "2320"]
[PlyCount "110"]
[EventDate "2017.10.21"]
[EventRounds "9"]
[EventCountry "RUS"]

1. e4 c5 2. Nc3 Nc6 3. d3 g6 4. Be3 d6 5. d4 cxd4 6. Bxd4 Nxd4 7. Qxd4 Nf6 8.
e5 dxe5 9. Bb5+ Bd7 10. Qxe5 a6 11. Bxd7+ Qxd7 12. Nf3 Bg7 13. O-O Nh5 14. Qe3
O-O 15. Rad1 Qg4 16. h3 Qb4 17. Nd5 Qxb2 18. Nxe7+ Kh8 19. Qb3 b5 20. Rd7 Nf4
21. Re1 Qf6 22. Nd5 Qc6 23. Ree7 Nxd5 24. Qxd5 Qxd5 25. Rxd5 Kg8 26. Rc7 Rfd8
27. c4 Rxd5 28. cxd5 Rd8 29. Rc6 Rxd5 30. Rxa6 Rd1+ 31. Kh2 b4 32. g3 h6 33.
Ra8+ Bf8 34. Re8 Kg7 35. Re2 Bd6 36. Kg2 f5 37. Nd2 Kf6 38. Nc4 Bc5 39. Ne3 Rd3
40. Nc4 Rd5 41. Ne3 Re5 42. Kf3 Ke6 43. Rc2 Bxe3 44. fxe3 Kd5 45. a3 bxa3 46.
Ra2 Re6 47. Rxa3 Ke5 48. Ra4 Kf6 49. e4 fxe4+ 50. Rxe4 Rxe4 51. Kxe4 Ke6 52. g4
g5 53. Kd4 Kd6 54. Ke4 Ke6 55. Kd4 Kd6  1/2-1/2